Les meilleurs buteurs de l'histoire du Valence CF - Statistiques

Statistiques générales
  • Ce quiz a été pris 14 fois
  • Le résultat moyen est 2 sur 11
Statistiques - réponses
Buts Nationalité Joueur % Correct
129 Espagne David Villa
100%
132 Argentine Mario Kempes
38%
82 Espagne Roberto Soldado
23%
86 Espagne Epi
8%
122 Espagne Fernando
8%
85 Bulgarie Lyuboslav Penev
8%
205 Espagne Mundo
8%
86 Espagne Silvestre Igoa
8%
87 Brésil Waldo Machado
8%
82 Espagne Amadeo
0%
84 Espagne Guillermo Gorostiza
0%
Aucun quiz correspondant
Distribution des résultats
% des personnes avec chaque résultat
Percentile par nombre de réponses
Votre historique - résultats
Vous n’avez pas pris ce quiz